Veronese (Record no. 5092)

MARC details
000 -CABECERA
campo de control de longitud fija 00696nam a2200241 a 4500
001 - NÚMERO DE CONTROL
campo de control BRCA_5398
005 - FECHA Y HORA DE LA ÚLTIMA TRANSACCIÓN
campo de control 20190320205048.0
008 - DATOS DE LONGITUD FIJA--INFORMACIÓN GENERAL
campo de control de longitud fija 091210s1897----gw-a######---#000-0#ger-#
041 ## - CÓDIGO DE LENGUA
Código de lengua del texto/banda sonora o título independiente ger
044 ## - CÓDIGO DEL PAÍS DE LA ENTIDAD EDITORA/PRODUCTORA
Código MARC del país gw
050 #4 - SIGNATURA TOPOGRÁFICA DE LA BIBLIOTECA DEL CONGRESO
Número de clasificación ND623
Número de documento/Ítem .M45 1897
100 1# - ENTRADA PRINCIPAL--NOMBRE DE PERSONA
Nombre de persona Meissner, Franz Hermann
9 (RLIN) 13800
245 10 - MENCIÓN DE TÍTULO
Título Veronese
Mención de responsabilidad, etc. von Franz Hermann Meissner.
260 ## - PUBLICACIÓN, DISTRIBUCIÓN, ETC.
Lugar de publicación, distribución, etc. Bielefeld, Alemania
Nombre del editor, distribuidor, etc. Velhagen & Klasing
Fecha de publicación, distribución, etc. 1897
300 ## - DESCRIPCIÓN FÍSICA
Extensión 110 p.
Otras características físicas il.
Dimensiones 25 cm.
440 #0 - MENCIÓN DE SERIE/PUNTO DE ACCESO ADICIONAL--TÍTULO
Título Künstler-Monographien
Designación de volumen o secuencia 26
9 (RLIN) 13466
500 ## - NOTA GENERAL
Nota general Edición con cantos dorados
500 ## - NOTA GENERAL
Nota general E125
600 14 - PUNTO DE ACCESO ADICIONAL DE MATERIA--NOMBRE DE PERSONA
Nombre de persona Caliari, Paolo
Títulos y otros términos asociados al nombre Llamado el Verones
Fechas asociadas al nombre 1528-1588
9 (RLIN) 13801
650 14 - PUNTO DE ACCESO ADICIONAL DE MATERIA--TÉRMINO DE MATERIA
Término de materia o nombre geográfico como elemento de entrada Pintores italianos
9 (RLIN) 7654
902 ## - CATALOGADOR
Iniciales GFM
942 ## - ELEMENTOS DE PUNTO DE ACCESO ADICIONAL (KOHA)
Fuente del sistema de clasificación o colocación Library of Congress Classification
Tipo de ítem Koha Libros
Holdings
Estado de retiro Estado de pérdida Estado dañado No para préstamo Localización permanente Ubicación/localización actual Fecha de adquisición Número de inventario Total de préstamos Signatura topográfica completa Código de barras Fecha visto por última vez Precio válido a partir de Tipo de ítem Koha
El ejemplar forma parte de la colección y puede ser consultado según las políticas vigentes.       Biblioteca del Museo Franz Mayer (Rogerio Casas-Alatriste) Biblioteca del Museo Franz Mayer (Rogerio Casas-Alatriste) 09/12/2010 E125   ND623 .M45 1897 (E125) 5833 22/03/2019 22/03/2019 Libros